| 000 | 01081cam a2200289 a 4500 | ||
|---|---|---|---|
| 001 | 3526195 | ||
| 003 | NUST - PNEC | ||
| 005 | 20170116180817.0 | ||
| 008 | 961202s1997 scua 000 0 eng | ||
| 010 | _a 96038036 | ||
| 020 | _a1566079810 | ||
| 040 |
_aDLC _cDLC _dDLC |
||
| 050 | 0 | 0 |
_aTK5101 _b.F55 1997 |
| 082 | 0 | 0 | _a384 FLA |
| 100 | 1 |
_aFlanagan, Patrick, _d1939- |
|
| 245 | 1 | 0 |
_aTelecommunications : today's ten most critical telecommunications technologies with a focus on the Internet / _cPatrick Flanagan. |
| 250 | _a1st ed. | ||
| 260 |
_aCharleston, S.C. : _bComputer Technology Research Corp., _c1997. |
||
| 300 |
_avii, 206 p. : _bill. ; _c28 cm. |
||
| 504 | _aIncludes bibliographical references (p. 197-200) | ||
| 650 | 0 |
_aTelecommunication systems. _xEL, MS COMM |
|
| 650 | 0 |
_aBusiness enterprises _xCommunication systems. |
|
| 650 | 0 | _aInternet. | |
| 906 |
_a7 _bcbc _corignew _d1 _eocip _f19 _gy-gencatlg |
||
| 942 |
_2ddc _cBK |
||
| 999 |
_c63564 _d63564 |
||